| 000 | 00397nam a22001697a 4500 | ||
|---|---|---|---|
| 999 |
_c2486 _d2485 |
||
| 005 | 20210807141743.0 | ||
| 008 | 160613b xxu||||| |||| 00| 0 eng d | ||
| 020 | _a81-7929-102-2 | ||
| 041 | _aeng | ||
| 082 |
_b7182 _a808.066 |
||
| 100 |
_aBrian Lomas _91768 |
||
| 245 | _aMaking Effective Presentations | ||
| 260 | _bInfinity Book | ||
| 300 | _a116 | ||
| 650 |
_aManagement _9241 |
||
| 942 | _cBK | ||